000 00476nam a2200145Ia 4500
008 191023s9999 xx 000 0 und d
020 _a9781337563895
100 _aCorr, Charles A.
245 _cCharles A. Corr, Donna M. Corr, Kenneth J. Doka.--
_aDeath & dying, life & living /
250 _a8th ed
260 _aUSA :
_bCengage Learning
_c2019
300 _axxviii, 716 pages.
650 _aBereavement -- Psychological aspects
650 _aDeath -- Psychological aspects
999 _c362323
_d362323